ბათუმის შოთა რუსთაველის სახელმწიფო უნივერსიტეტის ბიბლიოთეკა

გორგანის "ვის ო რამინ" და ქართული ვისრამიანი (ბიბ.ჩანაწერი № 34876)

000 -LEADER
fixed length control field 00699nam a2200205Ia 4500
001 - CONTROL NUMBER
control field 696
003 - CONTROL NUMBER IDENTIFIER
control field GE_BSU
008 - FIXED-LENGTH DATA ELEMENTS--GENERAL INFORMATION
fixed length control field 181216s||||||||xx |||||||||||||| ||und||
040 ## - CATALOGING SOURCE
Transcribing agency GE_BSU
080 ## - UNIVERSAL DECIMAL CLASSIFICATION NUMBER
Universal Decimal Classification number 821.353.1.09821.22.09
100 ## - MAIN ENTRY--PERSONAL NAME
Personal name მამაცაშვილი,მ.
245 ## - TITLE STATEMENT
Title გორგანის "ვის ო რამინ" და ქართული ვისრამიანი
260 ## - PUBLICATION, DISTRIBUTION, ETC.
Place of publication, distribution, etc. თბილისი
260 ## - PUBLICATION, DISTRIBUTION, ETC.
Name of publisher, distributor, etc. მეცნიერება
260 ## - PUBLICATION, DISTRIBUTION, ETC.
Date of publication, distribution, etc. 1977
300 ## - PHYSICAL DESCRIPTION
Extent 260გვ.
653 ## - INDEX TERM--UNCONTROLLED
Uncontrolled term გორგანის "ვის ო რამინ" და ქართული ვისრამიანი
942 ## - ADDED ENTRY ELEMENTS (KOHA)
Koha item type წიგნი
ეგზემპლარები
Withdrawn status Lost status Damaged status Not for loan Date acquired Barcode Date last seen Price effective from Koha item type
        2018-12-17 1360 2018-12-17 2018-12-17 წიგნი